| 000 | 00597nam a2200193 4500 | ||
|---|---|---|---|
| 001 | 109629 | ||
| 003 | ES-MaACL | ||
| 005 | 20230906184859.0 | ||
| 007 | t| | ||
| 008 | 061121s1972 sp r ||||1| spa d | ||
| 100 | 1 |
_aMitterrand, François. _981718 |
|
| 245 | 1 | 3 |
_aUn socialismo posibilista / _cFrançois Mitterrand; Prólogo de Jaime Miravitlles; [Traducción: Ramón Bech]. |
| 250 | _a1ª ed. | ||
| 260 |
_a[Barcelona] : _bDopesa, _c1972. |
||
| 300 |
_a178 p. ; _c19 cm. |
||
| 700 | 1 |
_aMiravitlles, Jaume. _981574 |
|
| 700 | 1 |
_aBech, Ramón. _926898 |
|
| 852 |
_aES-MaACL _jC-52218 _bR.83973 |
||
| 999 |
_c109629 _d109629 |
||